000 00554nam a2200217Ia 4500
003 GCL
008 140319s9999 xx 000 0 eng d
040 _aGCL /
_cGCL
082 0 4 _a932.022
_bA S
100 1 _aALSTON, RICHARD
245 1 0 _aSOLDIER AND SOCIETY IN ROMAN EGYPT: A SOCIAL HISTORY /
_cALSTON, RICHARD
260 _a[S.N] :
_bROULIEDGE ،
_c1995
300 _a263 P
650 0 4 _aSOCIOLOGY
650 0 4 _aANCIENT EGYPT
650 0 4 _aHISTORY
650 0 4 _aSOCIETY
650 0 4 _aEGYPT - HISTORY
650 0 4 _aSOLDIER
942 _2ddc
_cBK
999 _c14312
_d14312